[Event "Turin Epifania op"]
[Site "Turin"]
[Date "2006.01.??"]
[Round "3"]
[White "D'Amico, Antonino"]
[Black "Fortino, Fabrizio"]
[Result "1-0"]
[WhiteElo "1880"]
[BlackElo "2020"]
[PlyCount "65"]
[EventDate "2006.01.04"]
[EventType "swiss"]
[EventRounds "7"]
[EventCountry "ITA"]
[SourceTitle "EXT 2011"]
[Source "ChessBase"]
[SourceDate "2010.11.26"]
[SourceVersion "1"]
[SourceVersionDate "2010.11.26"]
[SourceQuality "1"]

1. d4 Nf6 2. Nf3 e6 3. e3 b6 4. Nbd2 Bb7 5. Bd3 Be7 6. b3 d5 7. Bb2 0-0 8. Qe2 Ne4 9. 0-0 Nd7 10. c4 c5 11. Rac1 f5 12. Rfd1 g5 13. cxd5 exd5 14. dxc5 bxc5 15. Ne5 Nxe5 16. Bxe5 Qc8 17. g4 Qe6 18. f4 Nxd2 19. gxf5 Rxf5 20. Rxd2 Rxe5 21. fxe5 Qxe5 22. Rf1 Rf8 23. Rxf8+ Bxf8 24. Qf3 c4 25. Rf2 Qe7 26. bxc4 d4 27. Bxh7+ Kxh7 28. Qxf8 Qe4 29. Rf7+ Kg6 30. Rg7+ Kh5 31. Qf7+ Kg4 32. h3+ Kh4 33. Rh7+ 1-0

[Event "Turin Epifania op"]
[Site "Turin"]
[Date "2006.01.??"]
[Round "4"]
[White "Faraoni, Enrico"]
[Black "D'Amico, Antonino"]
[Result "1-0"]
[WhiteElo "2157"]
[BlackElo "1880"]
[PlyCount "61"]
[EventDate "2006.01.04"]
[EventType "swiss"]
[EventRounds "7"]
[EventCountry "ITA"]
[SourceTitle "EXT 2011"]
[Source "ChessBase"]
[SourceDate "2010.11.26"]
[SourceVersion "1"]
[SourceVersionDate "2010.11.26"]
[SourceQuality "1"]

1. e4 c6 2. d4 d5 3. e5 Bf5 4. Nc3 e6 5. g4 Bg6 6. Nge2 c5 7. Be3 Qa5 8. Bg2 Nc6 9. f4 cxd4 10. Nxd4 Bb4 11. Kf2 Bxc3 12. bxc3 Qxc3 13. Nb5 Qxc2+ 14. Qxc2 Bxc2 15. Rhc1 Bd3 16. Nd6+ Kf8 17. Nxb7 Nge7 18. Rc3 Ba6 19. Nc5 Bc4 20. a4 g5 21. Nd7+ Kg7 22. f5 exf5 23. Bxg5 Rhc8 24. Bf6+ Kg8 25. gxf5 Rc7 26. Rg3+ Ng6 27. fxg6 fxg6 28. Bh3 d4 29. Rc1 Bd5 30. e6 Re8 31. Be5 1-0